Normal view MARC view
  • Aguilar-Millán, Ana

Entry Nombre Personal

Number of records used in: 1

001 - NUMERO DE CONTROL

  • campo de control: 57853

003 - IDENTIFICADOR DE NUMERO DE CONTROL

  • campo de control: UPN

005 - FECHA Y HORA DE LA ÜLTIMA TRANSACCIÓN

  • campo de control: 20251014124320.0

008 - DATOS DE LONGITUD FIJA

  • campo de control de longitud fija: 250918|| ac|||aabn | a|a d

024 ## - OTROS IDENTIFICADORES NORMALIZADOS

  • Fuente: orcid
  • Número normalizado o código: https://orcid.org/0009-0005-4928-0474

040 ## - FUENTE DE CATALOGACIÓN

  • Agencia original de catalogación: MX-MxUPN

100 1# - ENCABEZAMIENTO - NOMBRE PERSONAL

  • Nombre personal: Aguilar-Millán, Ana

370 ## - LUGAR ASOCIADO

  • Place of birth: España

372 ## - CAMPO DE ACTIVIDAD

  • Field of activity: Psicología, neurodiversidad y la evaluación e intervención en la población infanto-juvenil y adulta.
  • Field of activity: Docencia

373 ## - GRUPO ASOCIADO

  • Associated group: Residencia para Personas Mayores Novocare

374 ## - OCUPACIÓN

  • Occupation: Psicóloga General Sanitaria

670 ## - FUENTE EN LA QUE SE LOCALIZARON DATOS

  • Cita de la fuente: En recurso en línea: Escritos de psicología, Vol. 18 no. 1, (2025):
  • Información localizada: página 47 (Ana Aguilar-Millán)
  • Uniform Resource Identifier: https://revistas.uma.es/index.php/espsi/article/view/20841/22090

902 ## - CATALOGADOR

  • Catalogador: RGJD/180925